000 01155naa a22003257a 4500
001 BR7908261
003 BR-BrBNA
005 20240918174528.0
007 ta
008 230509b bl.||||| |||| 00| 0 por d
040 _aBR-BrBNA
_bpor
_cBiblioteca Nacional de Agricultura
041 _a(Pt)
072 _aL74; L73; L70
_b5120
_b4190
_b4390
_b3725
090 _aL74 BR7908261
100 1 _aMeagher, D.M.
111 1 _a2. Ciclo Internacional de Clinica Veterinaria Equina
_cSao Paulo, SP (Brazil)
_d12 Mar 1979
245 1 _aTumores ovarianos granulosos em eguas - revisao de 78 casos
260 3 _aSao Paulo, SP (Brasil):
_c1979.
500 _aAnais do 2. Ciclo Internacional de Clinica Veterinaria Equina Sao Paulo, SP (Brasil): 1979. p. 23-34 (BR7908261-AM)L74
650 _aEGUA
650 _aTUMOR
650 _aHORMONIO ANIMAL
650 _aOVARIO
650 _aDISTURBIO FISIOLOGICO
650 _aCICLO ESTRAL
650 _aCIRURGIA
773 0 _tAnais do 2. Ciclo Internacional de Clinica Veterinaria Equina
_wL74 BR7908261
_gSao Paulo, SP (Brasil), 1979. p. 23-34
909 _a202404
_bLucia
_c55
_dLucia Elande
942 _cAM
_2AGRIS
999 _c311790
_d311790